Vật lí 7
Gardado en:
| Autor Principal: | |
|---|---|
| Outros autores: | |
| Formato: | Libro |
| Idioma: | Undetermined |
| Publicado: |
H.
Giáo dục
2004
|
| Những chủ đề: | |
| Acceso en liña: | http://lrc.tdmu.edu.vn/opac/search/detail.asp?aID=2&ID=4909 |
| Các nhãn: |
Engadir etiqueta
Sen Etiquetas, Sexa o primeiro en etiquetar este rexistro!
|
| Thư viện lưu trữ: | Trung tâm Học liệu Trường Đại học Thủ Dầu Một |
|---|
| LEADER | 00610nam a2200205Ia 4500 | ||
|---|---|---|---|
| 001 | TDMU_4909 | ||
| 008 | 210410s9999 xx 000 0 und d | ||
| 082 | |a 530.71 | ||
| 090 | |b V500 | ||
| 100 | |a Vũ, Quang | ||
| 245 | 0 | |a Vật lí 7 | |
| 245 | 0 | |c Vũ Quang | |
| 260 | |a H. | ||
| 260 | |b Giáo dục | ||
| 260 | |c 2004 | ||
| 300 | |a 88tr | ||
| 650 | |a Sách lớp 7 |v Giáo khoa; Vật lí |x Dạy và học | ||
| 700 | |a Nguyễn, Đức Thâm | ||
| 856 | |u http://lrc.tdmu.edu.vn/opac/search/detail.asp?aID=2&ID=4909 | ||
| 980 | |a Trung tâm Học liệu Trường Đại học Thủ Dầu Một | ||